Most Popular Songs in USA 3/1/2025 - Statistics

General Stats
  • This quiz has been taken 34 times
  • The average score is 9 of 15
Answer Stats
Rank Artist (Version) Answer Streams Radio Airplay Sales % Correct
3. Lady GaGa, Bruno Mars Die With A Smile 27.2 Million 64 Million 6 Thousand
88%
7. Rose, Bruno Mars APT. 17.6 Million 50.4 Million 5.5 Thousand
84%
2. Kendrick Lamar Not Like Us 39.1 Million 20.2 Million 17 Thousand
84%
15. Kendrick Lamar, SZA All The Stars 22.5 Million 1 Million 2 Thousand
75%
1. Kendrick Lamar, SZA Luther 45.1 Million 46.4 Million 6 Thousand
75%
9. Shaboozey A Bar Song (Tipsy) 16.2 Million 60 Million 4 Thousand
66%
13. Benson Boone Beautiful Things 16.5 Million 42.1 Million 5 Thousand
63%
11. Chappell Roan Pink Pony Club 18.3 Million 23.1 Million 8 Thousand
63%
8. Billie Eilish Birds Of A Feather 18.2 Million 50 Million 3 Thousand
59%
4. Kendrick Lamar, Lefty Gunplay TV Off 32 Million 22.7 Million 4.5 Thousand
53%
12. Teddy Swims Lose Control 17.6 Million 41.9 Million 3.5 Thousand
47%
5. Kendrick Lamar Squabble Up 23.8 Million 23 Million 4 Thousand
47%
14. SZA, Kendrick Lamar 30 For 30 19.3 Million 18.2 Million 1 Thousand
38%
10. Drake Nokia 20.4 Million 0.3 Million 17 Thousand
38%
6. Drake Gimme A Hug 24.1 Million 3.7 Million 1.5 Thousand
19%
No matching quizzes found
Score Distribution
Percent of People with Each Score
Percentile by Number Answered
Your Score History
You have not taken this quiz